FSP Informazione (Record n. 104314)
[ formato base ]
| 000 -LEADER | |
|---|---|
| fixed length control field | 01351nam a22001697a 4500 |
| 003 - CONTROL NUMBER IDENTIFIER | |
| control field | IT-RoPau |
| 005 - DATE AND TIME OF LATEST TRANSACTION | |
| control field | 20220918181220.0 |
| 008 - FIXED-LENGTH DATA ELEMENTS--GENERAL INFORMATION | |
| fixed length control field | 140405b xxu||||| |||| 00| 0 eng d |
| 040 ## - CATALOGING SOURCE | |
| Transcribing agency | IT-RoPau |
| 100 ## - MAIN ENTRY--PERSONAL NAME | |
| Personal name | Segretariato Internazionale di Comunicazione FSP |
| 9 (RLIN) | 18683 |
| 245 ## - TITLE STATEMENT | |
| Title | FSP Informazione |
| 260 ## - PUBLICATION, DISTRIBUTION, ETC. (IMPRINT) | |
| Place of publication, distribution, etc. | Roma |
| Name of publisher, distributor, etc. | Casa Generalizia FSP |
| 300 ## - PHYSICAL DESCRIPTION | |
| Extent | s.n.p. |
| Dimensions | 30 cm |
| 490 ## - SERIES STATEMENT | |
| Series statement | FSP Informazione |
| 520 ## - SUMMARY, ETC. | |
| Summary, etc. | Sommario<br/><br/>Anno 72<br/>1° Vol. - Gennaio - Febbraio 2005 / N° 602<br/>3° Vol. - Maggio - Giugno 2005 / N° 604 (2 copie)<br/>4° Vol. - Luglio - Agosto 2005 / N° 605<br/>5° Vol. - Settembre - Ottobre 2005 / N° 606<br/>6° Vol. - Novembre - Dicembre 2005 / N° 607 (2 copie)<br/><br/>Anno 73<br/>1° Vol. - Gennaio - Febbraio 2006 / N° 608<br/>2° Vol. - Marzo - Aprile 2006 / N° 609<br/>3° Vol. - Maggio - Giugno 2006 / N° 610<br/>4° Vol. - Luglio - Agosto 2006 / N° 611<br/>5° Vol. - Settembre - Ottobre 2006 / N° 612<br/>6° Vol. - Novembre - Dicembre 2006 / N° 613<br/>Anniversari consacrazione religiosa 2006<br/><br/>Anno 74<br/>1° Vol. - Gennaio - Febbraio 2007 / N° 614<br/>2° Vol. - Marzo - Aprile 2007 / N° 615<br/>3° Vol. - Maggio - Giugno 2007 / N° 616<br/>4° Vol. - Luglio - Agosto 2007 / N° 617<br/>5° Vol. - Settembre - Ottobre 2007 / N° 618 (2 copie)<br/>6° Vol. Novembre - Dicembre 2007 / N° 619 (2 copie)<br/><br/>Anno 75<br/>6° Vol. - Novembre - Dicembre 2008 / N° 625 |
| 942 ## - ADDED ENTRY ELEMENTS (KOHA) | |
| Source of classification or shelving scheme | Dewey Decimal Classification |
| Koha item type | RIVISTA |
| Withdrawn status | Lost status | Source of classification or shelving scheme | Damaged status | Not for loan | Home library | Current library | Date acquired | Total Checkouts | Full call number | Date last seen | Price effective from | Koha item type |
|---|---|---|---|---|---|---|---|---|---|---|---|---|
| Dewey Decimal Classification | Buone Condizioni | Not For Loan | PAULUS-BIBLIOTECA | PAULUS-BIBLIOTECA | 05/04/2014 | P D4 | 05/04/2014 | 05/04/2014 | RIVISTA |